| 000 | 00710nam a2200229 4500 | ||
|---|---|---|---|
| 003 | MX-MxINE | ||
| 005 | 20260601193857.0 | ||
| 008 | 260420b1984 spaa|||| |||| 00| 0 spa d | ||
| 040 |
_aICI _bspa _cICI |
||
| 050 |
_aNA2345.M4 _bP74 |
||
| 100 | _eautor | ||
| 245 | _aPremio nacional de arquitectura 1983 | ||
| 264 |
_a[México] : _bAsociación de ingenieros y arquitectos de México, _c1984 |
||
| 300 | _a80 páginas | ||
| 336 |
_2rdacontent _atexto |
||
| 337 |
_2rdamedia _asin medio |
||
| 338 |
_2rdacarrier _avolumen |
||
| 650 |
_aPremios _zMéxico _933246 |
||
| 650 |
_aArquitectura _xConcursos _zMexico _933247 |
||
| 710 | 2 |
_aAsociación de Ingenieros y Arquitectos de México _933248 |
|
| 942 |
_2lcc _n0 _cB |
||
| 999 |
_c22096 _d22096 |
||